| 000 | 00366nam a2200145Ia 4500 | ||
|---|---|---|---|
| 008 | 230312s9999||||xx |||||||||||||| ||und|| | ||
| 020 | _a9781118820872 | ||
| 082 |
_a005.45 _bLEO-W |
||
| 100 | _aWeverka,Peter | ||
| 245 | 0 | _aWindows 10 for seniors for dummies | |
| 260 |
_bWiley _aUSA _c2014 |
||
| 300 | _a1031 | ||
| 650 |
_aComputer _vOperating Systems |
||
| 942 | _cBK | ||
| 999 |
_c16552 _d16552 |
||